00688 2200217 4500001002100000005001700021008004100038020002200079035002500101040001200126082001100138084001500149245011900164260006400283300002800347500002500375650001800400700001900418850001200437990002100449INLIS00000000002050020160530123313.0  a978-602-1489-31-4 a0010-051600000000934 aYOPDYOG a808.84 a808.84 Har aHARMONI di mata kaum mudab: kumpulan esai sosial budaya 2013c/ Taufiqurrahman...[et al] ; editor, Lukman Solihin aJakartabPusat Penelitian dan Pengembangan Kebudayaanc2013 axxix, 155 hlm.c; 21 cm aTermasuk bibliografi aEsai-Kumpulan aLukman Solihin aYOPDYOG a1402-RBM/PD.A.16